000
00298nam a22001337a 4500
008
170526b xxu||||| |||| 00| 0 eng d
020
_a
070295956
041
_a
eng
080
_a
621
100
_a
27
101
_a
IM
245
_a
ENGINEERING EXPERIMENTAL METHODS
_c
HOLMAN, J.P
942
_2
udc
_c
BK
999
_c
14589
_d
14589